Nuno Espírito Santo's Porto - Statistics

General Stats
  • This quiz has been taken 7 times
  • The average score is 17 of 29
Answer Stats
Rank Player Position Nationality Matches Goals Assists % Correct
2 Alex Telles Left-Back 45 1 10
100%
6 Danilo Pereira Centre-Back 41 4 1
100%
11 Héctor Herrera Defensive Midfield 35 2 6
100%
10 Maxi Pereira Right-Back 35 2 3
100%
4 André Silva Centre-Forward 44 21 11
86%
5 Iker Casillas Goalkeeper 43 0 1
86%
1 Iván Marcano Centre-Back 46 5 2
86%
7 Jesús Corona Right Winger 41 6 9
86%
15 Miguel Layún Right-Back 25 3 4
86%
14 Yacine Brahimi Left Winger 31 7 6
86%
24 José Sá Goalkeeper 6 0 0
71%
18 Laurent Depoitre Centre-Forward 13 2 1
71%
13 Otávio Attacking Midfield 33 3 9
71%
26 Sérgio Oliveira Central Midfield 2 0 0
71%
3 Felipe Centre-Back 45 3 1
57%
8 Óliver Torres Central Midfield 39 3 3
57%
17 Tiquinho Soares Centre-Forward 17 12 2
57%
22 Willy Boly Centre-Back 8 0 0
57%
21 Adrián López Centre-Forward 9 0 0
43%
12 André André Central Midfield 33 1 4
43%
9 Diogo Jota Left Winger 38 9 7
43%
29 Kelvin Right Winger 1 0 0
43%
16 Rúben Neves Defensive Midfield 18 1 0
43%
23 Varela Left Winger 7 0 0
29%
25 Evandro Attacking Midfield 4 0 0
14%
20 João Carlos Teixeira Attacking Midfield 10 0 1
14%
19 Rui Pedro Attacking Midfield 13 2 0
14%
27 Fernando Fonseca Right-Back 1 0 0
0%
28 Inácio Left-Back 1 0 0
0%
No matching quizzes found
Score Distribution
Percent of People with Each Score
Percentile by Number Answered
Your Score History
You have not taken this quiz